Sports Quiz

Random Sports or NFL Quiz
Score 0/32 Timer 04:00
0 Plays Today
% Correct
Bill Belichick
94.2%
Pete Carroll
92.2%
Sean Payton
92.2%
Tom Coughlin
90.3%
John Harbaugh
90.3%
Chip Kelly
90.3%
Rex Ryan
90.3%
Mike Tomlin
90.3%
Andy Reid
89.3%
Mike McCarthy
88.3%
Jason Garrett
87.4%
Chuck Pagano
87.4%
Mike Shanahan
87.4%
Jeff Fisher
86.4%
John Fox
85.4%
Gary Kubiak
85.4%
% Correct
Jim Harbaugh
84.5%
Bruce Arians
83.5%
Ron Rivera
80.6%
Leslie Frazier
78.6%
Jim Schwartz
77.7%
Mike Smith
75.7%
Marvin Lewis
74.8%
Greg Schiano
74.8%
Marc Trestman
72.8%
Doug Marrone
70.9%
Joe Philbin
69.9%
Mike Munchak
67%
Dennis Allen
66%
Mike McCoy
65%
Rob Chudzinski
64.1%
Gus Bradley
63.1%
Remove Ads.
Support Sporcle.
Get the best of Sporcle when you Go Orange. This ad-free experience offers more features, more stats, and more fun while also helping to support Sporcle. Thank you for becoming a member.

You're not logged in!

Compare scores with friends on all Sporcle quizzes.
OR
Log In

Show Comments

Extras

Created Sep 14, 2013SourceReportNominate
Tags:NFL Quiz

Top Quizzes Today


Score Distribution

Your Account Isn't Verified!

In order to create a playlist on Sporcle, you need to verify the email address you used during registration. Go to your Sporcle Settings to finish the process.

Report this User

Report this user for behavior that violates our Community Guidelines.

Details: